000 01035pam a2200325 a 4500
001 1614045
003 OSt
005 20160713153029.0
008 950516s1996 nyua j 000 1 eng
010 _a 95004824
020 _a0786812060
040 _aDLC
_cDLC
_dDLC
042 _alcac
050 0 0 _aPZ 7
_b.K5893Mr 1996
082 0 0 _aKF
_bSm5m 1996
100 2 _aKing-Smith, Dick.
_96361
245 1 0 _aMr. Potter's pet /
_cDick King-Smith ; illustrated by Mark Teague.
250 _a1st ed.
260 _aNew York :
_bHyperion Books for Children,
_cc1996.
300 _a63 p. :
_bill. ;
_c20 cm.
562 _efor circulation. 1 copy available in the collection
650 1 _aPets
_xFiction.
_96943
650 1 _aMynahs
_xFiction.
_96944
650 1 _aFriendship
_xFiction.
_96945
700 1 _aTeague, Mark,
_eill.
_96946
906 _a7
_bcbc
_corignew
_d1
_eocip
_f19
_gy-gencatlg
942 _2lcc
_cBK
999 _c1003
_d1003